| 000 | 00000nas##2200000za#4500 |
|---|---|
| 001 | 9.503762 |
| 003 | CaOODSP |
| 005 | 20250403104733 |
| 007 | cr ||||||||||| |
| 008 | 150406c1994||||xxc|| m o||||f| |0fre|d |
| 040 | |aCaOODSP|bfre |
| 043 | |an-cn--- |
| 086 | 1 |aCS92-N0020F-PDF |
| 245 | 00|aTest du recensement national |h[ressource électronique] |
| 260 | |aOttawa - Ontario : |bStatistique Canada |c1994. |
| 310 | |aIrrégulier |
| 362 | 1 |ano. 1- ; 1994- |
| 500 | |aPublication du recensement historique numérisé par Statistique Canada. |
| 710 | 2 |aStatistique Canada. |
| 775 | 08|tNational Census test |w(CaOODSP)9.507369 |